MDQL
is popping MORE tags! Check the
thread
!
Quizzes
Events
Quiz Creation
Community
Videos
Private Events
Remove Ads
Sign In
Join for FREE
Feedback
Dark Mode
Quiz Categories
Sports
Geography
Music
Movies
Television
Just For Fun
Miscellaneous
History
Literature
Language
Science
Gaming
Entertainment
Religion
Holiday
For Kids
Quiz Lab
Recent
Popular Today
Quiz Kudos Today
Editor Picks
Curator Picks
Quizzes by...
Day
Popularity
Type
Ratings
Length
Year
Community
Subscriptions
Recent Discussions
Orange Saloon
Badges
Playlists
Quests
Create
Leaderboards
Showdown
Live 5
Trivia Bingo
Activity
Puzzle Library
Sporcle Events
Private Events
Virtual Trivia
Globe League
Become a Host
Pub Owners
SporcleCon
Opinionation
Our Games
Videos
Blog
Mobile Apps
Partnerships
Remove Ads and Go Orange
Feedback
Sports
Athletes
MLB
NBA
NHL
NFL
Soccer
Sports Teams
WWE
NCAA
Football
Premier League
Basketball
Baseball
Hockey
Golf
Tennis
Cricket
Rugby
Auto Racing
Olympics
World Cup
Sports
Athletes
MLB
NBA
NHL
NFL
Soccer
Sports Teams
WWE
NCAA
Football
Premier League
Basketball
Baseball
Hockey
Golf
Tennis
Cricket
Rugby
Auto Racing
Olympics
World Cup
Random Quiz
Search Sporcle
×
Quiz Lab
Quiz Lab
Sports
Hockey
Type in answers that appear in a list
Type in answers that appear in a list
Classic
Best Score? Go Orange.
NHL Top Scoring Captain by Season Stats
Can you name the Top Scoring NHL Captain for Each Season Since 1967?
By
justin0838
10m
50 Questions
548 Plays
548 Plays
548 Plays
Comments
Comments
Give Quiz Kudos
Give Quiz Kudos
-
- Ratings
hide this ad
More Info
Replay
Link that replays current quiz
Next Quiz
Link to next quiz in quiz playlist
You Got
0%
They Got
Avg Score
85%
Avg Friend Score
Upgrade to see
Score Distribution
Jump to the score distribution portion of the page
Score
0/50
Timer
10:00
0
Plays Today
Season/Team
Player
% Correct
1993-
1994 Kings
Wayne Gretzky
99.6%
1990-
1991 Kings
Wayne Gretzky
99.6%
1989-
1990 Kings
Wayne Gretzky
99.6%
1986-
1987 Oilers
Wayne Gretzky
99.6%
1985-
1986 Oilers
Wayne Gretzky
99.6%
1984-
1985 Oilers
Wayne Gretzky
99.6%
1983-
1984 Oilers
Wayne Gretzky
99.6%
2013-
2014 Penguins
Sidney Crosby
99.5%
2009-
2010 Penguins
Sidney Crosby
99.5%
2008-
2009 Penguins
Sidney Crosby
99.5%
2017-
2018 Oilers
Connor McDavid
99.1%
2016-
2017 Oilers
Connor McDavid
99%
1996-
1997 Penguins
Mario Lemieux
98.9%
1995-
1996 Penguins
Mario Lemieux
98.9%
1992-
1993 Penguins
Mario Lemieux
98.9%
1991-
1992 Penguins
Mario Lemieux
98.9%
1988-
1989 Penguins
Mario Lemieux
98.9%
1987-
1988 Penguins
Mario Lemieux
98.9%
2011-
2012 Canucks
Henrik Sedin
98.4%
2010-
2011 Canucks
Henrik Sedin
98.4%
2012-
2013 Capitals
Alex Ovechkin
98.2%
2000-
2001 Penguins
Jaromir Jagr
97.6%
1999-
2000 Penguins
Jaromir Jagr
97.6%
1998-
1999 Penguins
Jaromir Jagr
97.6%
2006-
2007 Avalanche
Joe Sakic
97.3%
Season/Team
Player
% Correct
2003-
2004 Avalanche
Joe Sakic
97.3%
2015-
2016 Stars
Jamie Benn
96.5%
2014-
2015 Stars
Jamie Benn
96.5%
2007-
2008 Flames
Jarome Iginla
96.5%
2005-
2006 Senators
Daniel Alfredsson
93.8%
1994-
1995 Flyers
Eric Lindros
91.6%
2002-
2003 Canucks
Markus Naslund
90.7%
2001-
2002 Canucks
Markus Naslund
90.7%
1975-
1976 Flyers
Bobby Clarke
89.8%
1973-
1974 Flyers
Bobby Clarke
89.8%
1997-
1998 Penguins
Ron Francis
79.2%
1980-
1981 Maple Leafs
Darryl Sittler
79.2%
1979-
1980 Maple Leafs
Darryl Sittler
79.2%
1977-
1978 Maple Leafs
Darryl Sittler
79.2%
1976-
1977 Maple Leafs
Darryl Sittler
79.2%
1969-
1970 Red Wings
Alex Delvecchio
68.4%
1968-
1969 Red Wings
Alex Delvecchio
68.4%
1967-
1968 Red Wings
Alex Delvecchio
68.4%
1972-
1973 Maple Leafs
Dave Keon
56%
1970-
1971 Maple Leafs
Dave Keon
56%
1974-
1975 Red Wings
Marcel Dionne
53.6%
1978-
1979 Islanders
Clark Gillies
51.8%
1982-
1983 Canucks
Stan Smyl
50.9%
1971-
1972 Rangers
Vic Hadfield
42.7%
1981-
1982 Maple Leafs
Rick Vaive
42.5%
Quiz Playlist
Details
Report
Send in Message
Add To Playlist
More Info:
NOTE: In case of a tie, player with MORE GOALS is listed.
Classic:
Type in answers that appear in a list
Last Updated: Apr 10, 2017
Quiz Scoreboard
CHALLENGE
Sign Up to Join the Scoreboard
Show All
Scores
Hide
Comments
May contain spoilers
Recently Published
5x2 Blitz: Bands
by SL_Kpop136
Music
30s
Colored Red Africa Blitz
by spor1
Geography
30s
Find the 'City' Movie
by crazypaving
Movies
60s
More to Explore
Quiz From the Vault
Featured Blog Post
14 Easter Pick-up Lines to Find Eggs With
hide this ad
You Might Also Like...
Tags
Hockey Quiz
NHL Quiz
1967
captain
Player
point
Scoring
season
team
Top Scoring
Today's Top Quizzes in Sports
Browse Sports
hide this ad
Today's Top Quizzes in Hockey
Browse Hockey
Top Contributed Quizzes in Sports
1
Players with Multiple 50 Home Run Seasons
2
Who Needs Fielders?
3
Criteria MLB: Left Handed Sluggers
4
MLB Players with Two .350 Batting Average Seasons
5
Who Hit More Homers?
6
2020 F1 Drivers Logic Puzzle
7
NBA Teammate Connections
8
Premier League Clubs since 2000 (minefield)
9
MLB Teams by First Game
10
Top 10 NHL Goal Scorers of All Time
Explore More
Trending Topics
NBA
Anime
Harry Potter
Crossword
Disney
Kpop
Marvel
Song
NFL
Puzzle
The Office
Country
Soccer
WWE
Pokémon
hide this ad
More By:
justin0838
Quiz
Plays
Rating
Category
Featured
Created
NBA Teams' Last Rookie of the Year
82,730
4.69
Sports
Feb 22, 2016
NHL Scoring Leaders 2015-2016
23,730
4.48
Sports
Apr 10, 2016
NHL Point Leaders by Team (2015-16)
21,283
4.41
Sports
Apr 10, 2016
NHL Playoff Hat Tricks (2000s)
10,996
4.41
Sports
Sep 9, 2016
100 Greatest NHL Players of All Time
6,261
4.64
Sports
Jan 27, 2017
Go to Creator's Profile
Score Distribution
Quiz Creator Spotlight
justin0838
Follow
Send a Message
Quizzes Created
-
Created Quiz Play Count
-
More By This Creator
Popular Quizzes Today
1
Find the 'City' Movie
2
5x2 Blitz: Bands
3
Colored Red Africa Blitz
4
The Countries of the World
5
Find the US States - No Outlines Minefield
6
Find the US States
7
9x9 Crossword: Cartoon Network
8
US States
More Sports Quizzes
MLB Pitching Strikeout Leaders (1950s)
Quiz Lab
Trending Quizzes
Colored Red Africa Blitz II
Colored Red Europe Blitz I
Colored Red Africa Blitz III
Colored Red Europe Blitz II
Colored Red Europe Blitz III
Recently Updated
Champions League XIs: Real Madrid
pecheneg
Largest US Cities 1790-2010
pecheneg
Rides in Walt Disney World
pecheneg
Most Oscar Losses (Acting)
pecheneg
Beyoncé Albums
pecheneg
Leaping Animals
pecheneg
Reality TV Shows (A-Z)
bhenderson79
Rickey Henderson's Hall of Fame Teammates
pecheneg
Champions League XIs: Arsenal
pecheneg
Quick Pick: Celebrities in WWE's Hall of Fame
aduchscher
Trending Topics
Kpop
Crossword
NBA
Harry Potter
Disney
Anime
Marvel
Country
Puzzle
Soccer
WWE
NFL
The Office
Pokémon
Song
Your Account Isn't Verified!
In order to create a playlist on Sporcle, you need to verify the email address you used during registration. Go to your
Sporcle Settings
to finish the process.
Report this User
Report this user for behavior that violates our
Community Guidelines
.
Details:
Send Report
Go to the Sporcle.com Mobile Site →
Comments